Normal view MARC view
  • Elsmie, G. R.,

Entry Personal Name

Number of records used in: 4

001 - CONTROL NUMBER

  • control field: 3843

003 - CONTROL NUMBER IDENTIFIER

  • control field: NUST

005 - DATE AND TIME OF LATEST TRANSACTION

  • control field: 20170807134956.0

008 - FIXED-LENGTH DATA ELEMENTS

  • fixed length control field: 170807|| aca||aabn | a|a d

040 ## - CATALOGING SOURCE

  • Original cataloging agency: NUST
  • Transcribing agency: NUST

100 ## - HEADING--PERSONAL NAME

  • Personal name: Elsmie, G. R.,
  • Dates associated with a name: 1839-1909.

670 ## - SOURCE DATA FOUND

  • Source citation: Work cat.: (NUST)0: Elsmie, G. R., 1838-1909. 3842, Thirty-five years in the Punjab, 1858-1893 /, 1975.
© 2023 Central Library, National University of Sciences and Technology. All Rights Reserved.